Регионална библиотека "Любен Каравелов" - Русе

Тайната на детството (Запис номер 205307)

MARC детайли
000 -Лидер
Контролно поле с фиксирана дължина 02068nam a2200421 c 4500
003 - Код на организацията, давaща контролен номер
Контролно поле BLK
005 - Дата и час на последна редакция
Контролно поле 20241106161706.0
008 - Елементи от данни с фиксирана дължина
fixed length control field 180411b bul|||||r ||||||| ||bul||
010 ## - Наследен системен номер
LC control number KNG00214912000
020 ## - Международен стандартен номер на книга ISBN
Международен стандартен номер на книга ISBN 978-954-8898-00-3
-- издат.: Асеневци
040 ## - Източник на каталожния запис
Идентификатор на билиотеката - собственик на записа BLK
041 ## - Код за език
Код за езика на текст/звукозапис или на отделно заглавие Български
Код за езика КДБФ Български
072 #7 - Код за тематичната категория
Код организация bullib
Код за тематична категория Н15
Текст Психология Н
080 ## - УДК
Текстов определител УДК Психология на детската възраст. Интелектуално развитие на децата. Психически особености. Детски представи, описани в разкази
УДК код - определител по УДК 159.922.7
УДК определител
УДК - код + определител 159.922.7
100 1# - Редна дума - Автор
Автор Монтесори, Мария
Авторска отговорност първи автор
R(LIN) 98996
139 ## - Редно поле
Редна дума Монтесори, Мария
Авторски знак Мони - М 87
245 10 - Сведения за заглавието
Заглавие Тайната на детството
Редно поле (дума) Мария Монтесори; прев. от англ. Десислава Чешмеджиева-Стойчева; консултант Диана Манова; * Десислава Стоянова Чешмеджиева.
257 ## - Страна на издаване
Страна на създаване/издаване Италия
260 ## - Област на издателските данни
-- В. Търново
Име на издателя, разпространителя и проч. Асеневци
Година на издаване 2017
300 ## - Физическа характеристика
Страници 260 с.
Размери/Мащаб 22 см
380 ## - Жанр
Жанр Обществени науки
500 ## - Общи забележки
Забележка Ориг. загл. The Secret of Childhood / Maria Montessori.
650 #4 - Допълнително описание по предмет – тема
Основно описание – тема или топоним Детска и педагогическа психология
9 (RLIN) 244538
653 ## - Ключова дума – ненормативна
Ключова дума детска психология
653 ## - Ключова дума – ненормативна
Ключова дума педагогическа психология
653 ## - Ключова дума – ненормативна
Ключова дума метод на М. Монтесори
653 ## - Ключова дума – ненормативна
Ключова дума педагогика
659 ## - Тематичен бюлетин
Тематичен бюлетин Н
700 1# - Други автори (авторска отговорност)
Лично име Чешмеджиева-Стойчева, Десислава
Автороска отговорност (Описва отношението между автора и произведението) прев. от англ.
9 (RLIN) 344837
700 1# - Други автори (авторска отговорност)
Лично име Манова, Диана
Автороска отговорност (Описва отношението между автора и произведението) консултант
9 (RLIN) 344838
700 1# - Други автори (авторска отговорност)
Лично име Чешмеджиева, Десислава Стоянова
9 (RLIN) 141699
852 ## - Местоположение
Форматна сигнатура Цб 288521
856 4# - Електронен адрес и достъп
Електронен формат pdf - файл
Път до файла /url/
856 4# - Електронен адрес и достъп
Електронен формат pdf - файл
Път до файла /url/
942 ## - АРТИКУЛИ
Вид на библиотечния материал Книги
Скрит в OPAC Не
Koha issues (borrowed), all copies 1
944 ## - СЪЗДАВАНЕ И РЕДАКЦИЯ на ЗАПИСА
Създаване/Редакция Създаване
Дата на регистрацията/редакция 16.12.2017
Статус, дата на статуса Геновева Генчева
Служител, извършил регистрацията/редакцията 30560
944 ## - СЪЗДАВАНЕ И РЕДАКЦИЯ на ЗАПИСА
Създаване/Редакция Редакция
Дата на регистрацията/редакция 24.01.2018
Статус, дата на статуса ф /
Служител, извършил регистрацията/редакцията Людмила_Стоянова
999 ## - СИСТЕМНИ КОНТРОЛНИ НОМЕРА
Koha biblionumber 205307
Koha biblioitemnumber 205307
Наличности
Код за отписване Код за изгубен артикул Източник на класификационната схема Код за повреда Коз за рестрикции Код за отдаване Артикулен № Име на библиотеката - собственик Име на библиотеката, в която се намира в момента Статус (Текущо местоположение) Дата на вписване в системата Местоположение - отдел Цена в лева Инвентарен номер Систематично азбучна сигнатура Баркод Номер на екземпляра Цена в евро Служебна бележка Служебен тип на артикула
  Не е изгубен Universal Decimal Classification Не е повреден без рестрикции заемане за дома 353559 Регионална библиотека "Любен Каравелов" Русе Регионална библиотека "Любен Каравелов" Русе Заемна - подръчен фонд 2017-12-15 Заемна - подръчен фонд 5.00 120000818132 П 159.92/М 87 120000818132 1 2.56 Дост: Pk Вид: Ф N: 498 Дата: 15.12.2017 Дата инв: 02.02.2018 Бележки инв: П2018 Книги
Vip Innovations Ltd, Rousse, Bulgaria 2025